Pokémon Games - Sudden Death - Statistics

General Stats
  • This quiz has been taken 318 times
  • The average score is 12 of 20
Answers on the Grid
Answers color-coded by a green-red scale on the quiz's grid according to % correct below.
Ruby
Blue
Uranium
Topaz
Moon
Super Mystery Dungeon
White
Snap
GO
Z
Sword
LeafGreen
Y
Jupiter
Quartz
Let's Go Evee!
Gray
Legends: Arceus
Detective Pikachu
Stadium
Breath of the Wild
Revolution
Black 2
Pearl
Colosseum
Gold
Shimmering Opal
Crystal
Legends: Lucario
Violet
 
Answer Stats
Answer % Correct
Ruby
95%
Blue
84%
GO
78%
Moon
78%
White
71%
Snap
61%
LeafGreen
59%
Sword
58%
Y
56%
Legends: Arceus
54%
Pearl
53%
Super Mystery Dungeon
53%
Let's Go Evee!
52%
Gold
50%
Black 2
49%
Stadium
49%
Violet
49%
Crystal
45%
Detective Pikachu
44%
Colosseum
43%
No matching quizzes found
Score Distribution
Percent of People with Each Score
Percentile by Number Answered
Your Score History
You have not taken this quiz